|
|
|
|
| LEADER |
00000nab a2200000 a 4500 |
| 001 |
vtls010098361 |
| 003 |
SK-MaSNL |
| 005 |
20260303080859.0 |
| 008 |
171110c2010 xo wr 0 0slo |
| 038 |
|
|
|a SLLK
|
| 040 |
|
|
|a SLLK
|b slo
|c sllk
|e AACR2
|
| 041 |
|
|
|a slo
|
| 044 |
|
|
|a xo
|c SK
|
| 080 |
|
|
|a 796.894
|2 2001
|
| 245 |
0 |
0 |
|a V Ľubovni opäť svalnaté telá
|c [autor] (mv)
|
| 300 |
|
|
|b Fotogr.
|
| 610 |
2 |
7 |
|a Klub športovej kulturistiky Stará Ľubovňa
|2 sllk
|9 872865
|
| 611 |
1 |
7 |
|a Veľká cena Starej Ľubovne
|n (4. :
|d 2010 :
|c Stará Ľubovňa, Slovensko)
|2 sllk
|9 1083029
|
| 648 |
|
7 |
|a 2010
|2 snkbucl
|9 324355
|
| 650 |
0 |
7 |
|a šport
|2 snkbucl
|9 1042
|
| 650 |
0 |
7 |
|a kulturistika
|2 sllk
|9 3254
|
| 651 |
|
7 |
|a Stará Ľubovňa (Slovensko)
|2 sllk
|9 19193
|
| 773 |
0 |
|
|t Ľubovnianske noviny
|g Roč. XXXVI, č. 17 (2010), s. 8
|
| 999 |
|
|
|c 1782349
|d 1784279
|